| 000 | 00520nam a22001577a 4500 | ||
|---|---|---|---|
| 999 |
_c11659 _d11659 |
||
| 008 | 181217b ||||| |||| 00| 0 eng d | ||
| 020 | _a9715422888 | ||
| 082 |
_22001 _bP53 _aDFill 899.211 |
||
| 245 |
_aThe Dog and the lion(Maranao)/ _cDamiana Eugenio [Compiler and editor] |
||
| 260 |
_aQuezon City _bUP Press _cc2001. |
||
| 300 |
_aPages 58; _c23 cm |
||
| 500 | _aPhilippine Folk Literature: the Folktales | ||
| 650 |
_aFolklore _933359 |
||
| 650 |
_aPhilippine Folk literature--Collections _933383 |
||
| 942 |
_2ddc _cDFIL |
||